000 00700nam a2200289Ia 4500
005 20260324112913.0
008 008 260324s9999 xx 000 0 eng d
020 _a9781003363262
037 _aEBOOK
040 _aCRL
040 _beng
040 _cCRL
041 _2eng
041 _aeng
084 _qCRL
100 _aMaria Slowey; Richard Taylor
_91144615
245 0 _aAcademic Freedom in Higher Education
245 0 _bCore Value or Elite Privilege?
260 _bTaylor and Francis
260 _c2024
365 _a
365 _b230
856 _uhttp://www.taylorfrancis.com/books/9781003363262
942 _cEBOOK
999 _c1734002
_d1734002